| 000 | 00591nam a2200241Ia 4500 | ||
|---|---|---|---|
| 003 | OSt | ||
| 005 | 20221005083352.0 | ||
| 006 | a|||||r|||| 00| 0 | ||
| 007 | ta | ||
| 008 | 221004b |||||||| |||| 00| 0 eng d | ||
| 024 | _a54155 | ||
| 037 | _cTextual | ||
| 040 |
_aCRL _cCRL _beng |
||
| 041 |
_2eng _aeng |
||
| 082 | _aT.2, M6 | ||
| 100 | _aSharma A P | ||
| 245 | 0 | _aContemporary problems of education | |
| 260 |
_aNew Delhi _bVikas _c1986 |
||
| 300 |
_a262p. _ccm. |
||
| 650 | _aEDUCATION | ||
| 942 |
_hT.2, M6 _cTEXL _2cc |
||
| 999 |
_c990791 _d990791 |
||